000 00473nab a2200145Ia 4500
003 ES-SlBCS
005 20230622162729.0
008 140529s1965 xxu||||| |||| 00| 0 ita d
041 _aita
100 1 _aSchiavone, Michele
_9199592
245 0 2 _aA proposito di un recente studio sul primo Aristotele
_c Michele Schiavone
600 0 0 _aAristóteles
_d384-322 a.C.
_913292
773 0 _tGiornali di Metafisica
_gvol. 20, nº. 1-2, 1965, págs. 150-162
_w0017-0372
942 _cAR
999 _c586970
_d586970